Najgęściej zaludnione miasta w Polsce poniżej 100 tys. ludności - Statystyki

Ogólne statystyki
  • Ten quiz został rozwiązany 41 razy
  • Średni wynik to 5 z 10
Statystyki odpowiedzi
Gęstość w km/2 Ludność Województwo Miasto % Poprawnych
3 263 62 742 mazowieckie Pruszków
82%
3 953 53 522 mazowieckie Legionowo
79%
2 941 61 782 warmińsko-mazurskie Ełk
74%
3 001 48 670 mazowieckie Piaseczno
68%
3 104 40 816 mazowieckie Mińsk Mazowiecki
50%
3 916 22 382 mazowieckie Piastów
50%
3 511 39 051 mazowieckie Ząbki
47%
3 690 48 817 śląskie Świętochłowice
45%
3 628 29 663 wielkopolskie Swarzędz
42%
3 003 4 721 wielkopolskie Nowe Skalmierzyce
11%
Nie znaleziono quizów pasujących do podanych kryteriów
Rozkład punktacji
Procent ludzi z każdym wynikiem
Percentyl według liczby udzielonych odpowiedzi
Twoja historia wyników
Nie rozwiązałeś tego quizu